Country Quiz: Japan Stats

 Plays Quiz not verified by Sporcle

Challenge
Share
Tweet
Embed
Score 0/29 Timer 08:00
0 Plays Today
Hint Answer % Correct
Official nameJapan
97.3%
National LanguageJapanese
96.8%
Flag ColoursRed
96.1%
Flag ColoursWhite
96.1%
CapitalTokyo
93.5%
CurrencyYen
88.4%
Bordering OceanPacific Ocean
88%
Drives on the...Left
85.6%
Age of Suffrage20
81.1%
Major ReligionsBuddhism
80.6%
Highest Point (3,776m)Mount Fuji
72.9%
Internet TLD.jp
69.4%
Largest IslandsHokkaidō
67.4%
Life Expectancy82 years
65.5%
Largest IslandsHonshū
64.8%
Hint Answer % Correct
Bordering SeaSea of Japan
63.8%
Second Largest Ethnic GroupKorean
62.9%
Leading cause of Death for Under-30sSuicide
58.5%
Calling Code81
56.4%
Largest IslandsKyūshū
56.4%
Major ReligionsShintoism
51.6%
National ScriptsKanji
49.4%
Largest IslandsShikoku
45.7%
National ScriptsKatakana
44.3%
National ScriptsHiragana
43.8%
EmperorAkihito
40.7%
National AnthemKimigayo
28.3%
Total Number of Islands (to the nearest hundred)6,900 (6,852)
14.4%
Prime MinisterYukio Hatoyama
13.2%

You're not logged in!

Compare scores with friends on all Sporcle quizzes.
Join for Free
OR
Log In

You Might Also Like...

Show Comments

Extras

Created May 2, 2010ReportFavoriteNominate
Tags:Country Quiz, japan

Top Quizzes Today


Score Distribution

Your Account Isn't Verified!

In order to create a playlist on Sporcle, you need to verify the email address you used during registration. Go to your Sporcle Settings to finish the process.

Report this User

Report this user for behavior that violates our Community Guidelines.

Details: